[Event "Najdorf Memorial"]
[Site "Warsaw POL"]
[Date "2023.07.15"]
[Round "5.29"]
[White "Dmochowska, Agnieszka"]
[Black "Zalega, Maciej"]
[Result "1-0"]
[WhiteElo "1977"]
[BlackElo "2182"]

1. e4 c5 2. Nf3 Nc6 3. d4 cxd4 4. Nxd4 Nf6 5. Nc3 d6 6. Bg5 e6 7. Qd2 a6 8.
f4 Bd7 9. O-O-O b5 10. Bxf6 gxf6 11. Kb1 b4 12. Nce2 Qb6 13. g4 Be7 14. f5
e5 15. Nf3 Qf2 16. Qd3 Na5 17. Ng3 Bb5 18. Qd5 O-O 19. Nd2 Qb6 20. Nh5 Rfc8
21. Nb3 Qf2 22. Rc1 Nxb3 23. Qxb3 Bc6 24. Bc4 Be8 25. Bd5 Rab8 26. h4 Bb5
27. Bxf7+ Kf8 28. Bg8 Be8 29. g5 Bxh5 30. g6 1-0

[Event "Najdorf Memorial"]
[Site "Warsaw POL"]
[Date "2023.07.15"]
[Round "5.30"]
[White "Mirski, Stanislaw"]
[Black "Kondys, Piotr"]
[Result "1-0"]
[WhiteElo "2139"]
[BlackElo "2063"]

1. d4 Nf6 2. Nf3 e6 3. g3 b5 4. Bg2 Bb7 5. O-O c5 6. a4 b4 7. c4 d5 8. Ne5
Qc7 9. a5 cxd4 10. Qa4+ Bc6 11. Nxc6 Qxc6 12. Qb3 Nbd7 13. e3 Rc8 14. cxd5
Nxd5 15. exd4 Bd6 16. Be3 O-O 17. Rc1 Qb5 18. Nc3 Nxc3 19. bxc3 Qd3 20. Bf1
Rxc3 21. Qa4 Rxc1 22. Rxc1 Qa3 23. Qxd7 b3 24. Rb1 b2 25. Qxa7 Qa1 26. Bd3
Rc8 27. Kg2 Qa3 28. Qb7 Rb8 29. Qe4 Qxa5 30. Qxh7+ Kf8 31. Qh8+ Ke7 32.
Qxg7 Qd5+ 33. Kg1 Rb3 34. Bc2 Rb5 35. Bg6 Qf3 36. Bf4 1-0

[Event "Najdorf Memorial"]
[Site "Warsaw POL"]
[Date "2023.07.15"]
[Round "5.31"]
[White "Persson, Andreas"]
[Black "Babiarz, Arkadiusz"]
[Result "0-1"]
[WhiteElo "2135"]
[BlackElo "1976"]

1. d4 d5 2. Nf3 Nf6 3. g3 c5 4. Bg2 cxd4 5. O-O h6 6. b3 e6 7. Bb2 Bc5 8.
Nxd4 e5 9. Nf3 e4 10. Nd4 O-O 11. c4 Re8 12. Na3 Nc6 13. Nxc6 bxc6 14. cxd5
cxd5 15. Rc1 Qa5 16. Nc2 Be6 17. a3 Bb6 18. Nd4 Bd7 19. Nc6 Bxc6 20. Rxc6
Rac8 21. Qc2 Rxc6 22. Qxc6 Re6 23. Qc8+ Re8 24. Qc2 Qa6 25. Bh3 d4 26. Rd1
Rd8 27. Bf5 Qb5 28. Bh3 d3 29. exd3 exd3 30. Bf1 Ng4 31. Rxd3 Bxf2+ 32. Kh1
Re8 33. Qc3 Qg5 34. h4 Qg6 35. Rf3 Be1 36. Qd4 Ne5 37. Re3 Bxg3 38. Bd3
Nxd3 39. Rxe8+ Kh7 40. Qxg7+ Qxg7 41. Bxg7 Kxg7 42. h5 Nf4 43. Re5 Kf6 44.
Ra5 Bf2 45. Kh2 Bb6 46. Rb5 Bc7 47. Kh1 Ke6 48. a4 Nd5 49. Rc5 Kd6 50. Rc4
a5 51. Re4 f5 52. Re8 Bb6 53. Kh2 Nf6 54. Rh8 Be3 55. Ra8 Bb6 56. Rh8 Ke5
57. Kg2 Be3 58. Kf3 Bd2 59. Rd8 Bb4 60. Rh8 Nxh5 61. Rxh6 Nf6 62. Rh8 Ne4
63. Re8+ Kd4 64. Rc8 Bd2 65. Ke2 Bb4 66. Rc4+ Ke5 67. Rc8 Nc5 68. Re8+ Kd4
69. Rf8 Ke4 70. Re8+ Kf4 71. Re3 Kg4 72. Kf2 f4 73. Rf3 Ne4+ 74. Kg2 Nd2
75. Rd3 f3+ 0-1

[Event "Najdorf Memorial"]
[Site "Warsaw POL"]
[Date "2023.07.15"]
[Round "5.32"]
[White "Budzisz, Adrian"]
[Black "Czerwonski, Aleksander"]
[Result "1-0"]
[WhiteElo "2037"]
[BlackElo "2326"]

1. d4 Nf6 2. c4 g6 3. Nc3 d5 4. Nf3 Bg7 5. Qb3 dxc4 6. Qxc4 O-O 7. e4 Nfd7
8. Be3 Nb6 9. Qb3 Bg4 10. O-O-O a5 11. h4 a4 12. Qc2 a3 13. b3 Nc6 14. Kb1
f5 15. Ne2 fxe4 16. Ng5 e5 17. h5 exd4 18. Nxd4 Bxd1 19. Bc4+ Kh8 20. Qxe4
Nxc4 21. hxg6 h6 22. Rxh6+ Bxh6 23. g7+ 1-0

[Event "Najdorf Memorial"]
[Site "Warsaw POL"]
[Date "2023.07.15"]
[Round "5.33"]
[White "Zaninotto, Franco"]
[Black "Slomczewski, Michal"]
[Result "0-1"]
[WhiteElo "2026"]
[BlackElo "2101"]

1. e4 d5 2. exd5 Qxd5 3. Nc3 Qa5 4. d4 Nf6 5. Bd2 Bg4 6. Nf3 e6 7. h3 Bh5
8. Bc4 c6 9. g4 Bg6 10. Qe2 Qd8 11. O-O-O Be7 12. Ne5 b5 13. Nxb5 cxb5 14.
Bxb5+ Kf8 15. Rhe1 a6 16. Ba4 Qxd4 17. Bb3 Nbd7 18. Qf3 Re8 19. Bf4 Nxe5
20. Bxe5 Qb6 21. Bd4 Qb5 22. Re5 Qb8 23. h4 Bd6 24. Ree1 e5 25. Bc3 h5 26.
g5 Ng4 27. Bxf7 Bxf7 28. g6 Nf6 29. gxf7 Kxf7 30. Qd3 Re6 31. Rg1 e4 32.
Qe2 Be5 33. Qc4 Bxc3 34. bxc3 Qb6 35. Rg5 Rb8 36. Rd4 Kf8 37. Rc5 Qb1+ 38.
Kd2 Rb2 39. Rc8+ Kf7 40. Qc7+ Kg6 41. Qg3+ Ng4 0-1

[Event "Najdorf Memorial"]
[Site "Warsaw POL"]
[Date "2023.07.15"]
[Round "5.34"]
[White "Adamski, Jan"]
[Black "Dalkowski, Rafal"]
[Result "1/2-1/2"]
[WhiteElo "2099"]
[BlackElo "2025"]

1. Nf3 d5 2. c4 c6 3. e3 Nf6 4. Nc3 a6 5. d4 b5 6. b3 Bg4 7. Be2 e6 8. O-O
Bd6 9. Bb2 Nbd7 10. Ne5 Bxe2 11. Nxe2 Qc7 12. cxd5 cxd5 13. Rc1 Qb8 14. Qc2
O-O 15. Nxd7 1/2-1/2

[Event "Najdorf Memorial"]
[Site "Warsaw POL"]
[Date "2023.07.15"]
[Round "5.35"]
[White "Jedrusik, Adam"]
[Black "Majek, Kacper"]
[Result "1-0"]
[WhiteElo "1970"]
[BlackElo "2090"]

1. c4 e6 2. Nc3 d5 3. d4 c5 4. cxd5 exd5 5. Nf3 Nf6 6. Bg5 Be6 7. e3 c4 8.
Be2 Bb4 9. O-O O-O 10. e4 Be7 11. e5 Ne8 12. Bxe7 Qxe7 13. b3 Qb4 14. Qd2
cxb3 15. Rab1 Nc6 16. Rxb3 Qe7 17. Bb5 Na5 18. Rb2 Rc8 19. Nxd5 Bxd5 20.
Qxa5 Bxf3 21. gxf3 Qg5+ 22. Kh1 Qf4 23. Bd7 Rc1 24. Rb1 Rxf1+ 25. Rxf1 Qxd4
26. Bh3 g6 27. Qb5 b6 28. Qe2 Nc7 29. Qe4 Qc3 30. Qe3 Qb2 31. e6 Nxe6 32.
Bxe6 fxe6 33. Qxe6+ Kg7 34. Rd1 Rf7 35. Rd7 Qc1+ 36. Kg2 Qg5+ 37. Kh1 Qf4
38. Rxf7+ Qxf7 39. Qe5+ Kh6 40. Qe3+ Kg7 41. Qe5+ Kh6 42. Qe3+ Kh5 43. a3
Qf5 44. Qb3 b5 45. Qc3 g5 46. Qe3 a5 47. Qe8+ Kh4 48. Qc6 h5 49. Kg2 b4 50.
axb4 axb4 51. Qb7 b3 52. Qb4+ g4 53. Qxb3 Qc5 54. Qe3 Qf8 55. Qe4 Kg5 56.
Qd5+ Kh4 57. Qb7 Qf6 58. Qe4 Kg5 59. Kg3 h4+ 60. Kg2 gxf3+ 61. Qxf3 Qg6 62.
h3 Kh6+ 63. Kf1 Qb1+ 64. Ke2 Qc2+ 65. Ke1 Qb1+ 66. Kd2 Qb2+ 67. Kd3 Qb3+
68. Ke4 Qb7+ 69. Ke3 Qb3+ 70. Ke2 Qc2+ 71. Ke1 Qb1+ 72. Ke2 Qc2+ 73. Kf1
Qc1+ 74. Kg2 Qg5+ 75. Qg4 Qd5+ 76. Kg1 Qd8 77. Qe4 Qf6 78. Kg2 Kg7 79. Qf3
Qd8 80. Qg4+ Kh6 81. Qf4+ Kh5 82. Qf5+ Kh6 83. Kf3 Qd1+ 84. Kg2 Qd8 85.
Qe6+ Kh5 86. Qe5+ Kg6 87. Kf3 Qd1+ 88. Kf4 Qc1+ 89. Qe3 Qc7+ 90. Kg4 Qd7+
91. Kxh4 Qh7+ 92. Kg3 Qc7+ 93. f4 Qc6 94. Qe5 Qc1 95. Kh4 Kf7 96. Kh5 Qb1
97. f5 Qg1 98. Qe6+ Kf8 99. Qf6+ 1-0

[Event "Najdorf Memorial"]
[Site "Warsaw POL"]
[Date "2023.07.15"]
[Round "5.36"]
[White "Flaata, Alexander R."]
[Black "Biesiadecki, Adam"]
[Result "0-1"]
[WhiteElo "2068"]
[BlackElo "2015"]

1. d4 d5 2. Nc3 Nf6 3. Bf4 a6 4. e3 e6 5. Nf3 c5 6. Ne5 Nc6 7. Nxc6 bxc6 8.
dxc5 Bxc5 9. Na4 Be7 10. Bd3 Bd7 11. O-O O-O 12. c4 Qa5 13. b3 c5 14. Rc1
Rfd8 15. Qc2 Rac8 16. Bg5 h6 17. Bh4 d4 18. e4 e5 19. f4 g5 20. fxg5 Ng4
21. Be1 Qc7 22. gxh6 Ne3 23. Qf2 Nxf1 24. Bxf1 Bf8 25. Bd2 Bxa4 26. bxa4
Rd6 27. Qh4 Kh7 28. Be2 Qe7 29. Bg5 f6 30. Bd2 Rb8 31. Bg4 Rb2 32. Bf5+ Kh8
33. Rd1 Rxa2 34. a5 Qf7 35. g4 Qxc4 36. g5 Rxd2 37. Rf1 Qe2 38. Bh3 Qxh2#
0-1

[Event "Najdorf Memorial"]
[Site "Warsaw POL"]
[Date "2023.07.15"]
[Round "5.37"]
[White "Dylong, Antoni"]
[Black "Wadelek, Karol"]
[Result "1-0"]
[WhiteElo "2039"]
[BlackElo "1943"]

1. e4 c5 2. Nf3 d6 3. d4 cxd4 4. Nxd4 Nf6 5. Nc3 a6 6. Nb3 e6 7. g4 h6 8.
Bg2 Be7 9. Be3 Nc6 10. Qe2 Qc7 11. O-O-O b5 12. e5 dxe5 13. Na5 e4 14. Nxe4
Nd5 15. Nxc6 Qxc6 16. Nc3 Bb7 17. Nxd5 exd5 18. Bxd5 Qc7 19. Bxb7 Qxb7 20.
Bc5 Kf8 21. Qxe7+ Qxe7 22. Bxe7+ Kxe7 23. Rhe1+ Kf6 24. f4 Rhd8 25. Rd3
Rac8 26. Kd2 g6 27. Re3 Rxd3+ 28. cxd3 h5 29. gxh5 gxh5 30. Re5 Rh8 31. d4
h4 32. Ke3 Rg8 33. d5 Rg1 34. Kd4 Rf1 35. d6 Rxf4+ 36. Kd5 Rf2 37. Re8 Rxh2
38. d7 Rd2+ 39. Kc6 Kf5 40. d8=Q Rxd8 41. Rxd8 Kg4 42. Rg8+ Kf4 43. Rh8 Kg4
44. b4 h3 45. Kd5 f5 46. Ke5 f4 47. Ke4 Kg3 48. Rg8+ Kf2 49. Kxf4 h2 50.
Rh8 1-0

[Event "Najdorf Memorial"]
[Site "Warsaw POL"]
[Date "2023.07.15"]
[Round "5.38"]
[White "Lecki, Leonard"]
[Black "Rasmussen, Jonas H"]
[Result "1-0"]
[WhiteElo "1995"]
[BlackElo "1970"]

1. d4 d5 2. c4 c6 3. Nf3 Nf6 4. e3 a6 5. Bd3 Nbd7 6. Nbd2 e6 7. Qc2 Be7 8.
b3 O-O 9. Bb2 h6 10. O-O b6 11. Rac1 Bb7 12. Rfd1 Rc8 13. e4 dxe4 14. Nxe4
Nxe4 15. Bxe4 Qc7 16. Qe2 c5 17. Bxb7 Qxb7 18. d5 e5 19. Nxe5 Bd6 20. Ng4
Rfe8 21. Nxh6+ gxh6 22. Qg4+ Kf8 23. Qg7+ Ke7 24. Re1+ Kd8 25. Rxe8+ Kxe8
26. Qg8+ Ke7 27. Re1+ Be5 28. Qg7 Kd8 29. Bxe5 Nxe5 30. Rxe5 Qd7 31. Qf6+
Kc7 32. Re7 1-0

[Event "Najdorf Memorial"]
[Site "Warsaw POL"]
[Date "2023.07.15"]
[Round "5.39"]
[White "Hetzer, Volkhard"]
[Black "Orzechowski, Jacek"]
[Result "1/2-1/2"]
[WhiteElo "1952"]
[BlackElo "2105"]

1. Nf3 d6 2. d4 Bg4 3. c4 Nd7 4. Qb3 Rb8 5. Nc3 Ngf6 6. g3 e5 7. Be3 exd4
8. Nxd4 Nc5 9. Qc2 Bh5 10. Bg2 Bg6 11. Qd1 a5 12. O-O Be7 13. Rc1 c6 14. b3
O-O 15. Re1 Qd7 16. Nf3 1/2-1/2

[Event "Najdorf Memorial"]
[Site "Warsaw POL"]
[Date "2023.07.15"]
[Round "5.40"]
[White "Klim, Filip"]
[Black "Saveljevs, Aleksandrs"]
[Result "1-0"]
[WhiteElo "2006"]
[BlackElo "2028"]

1. e4 c5 2. Nf3 Nc6 3. d4 cxd4 4. Nxd4 g6 5. c4 Bg7 6. Be3 Nf6 7. Nc3 O-O
8. Be2 d6 9. O-O Bd7 10. Qd2 Nxd4 11. Bxd4 Bc6 12. f3 a5 13. b3 Nd7 14. Bf2
Nc5 15. Rad1 Qb6 16. Nb5 Rfc8 17. h4 h5 18. Qg5 Bf6 19. Qe3 Qd8 20. e5 Bxe5
21. Qxe5 dxe5 22. Rxd8+ Rxd8 23. Bxc5 Rd2 24. Rf2 Bxb5 25. cxb5 Rc8 26. Bf1
Rd5 27. Bxe7 Rc1 28. Kh2 Rdd1 29. Bc4 Kg7 30. Bg5 Ra1 31. a4 f6 32. Be3 g5
33. hxg5 f5 34. Rd2 Re1 35. Rd7+ Kh8 36. g6 Rh1+ 37. Kg3 h4+ 38. Kf2 Ra2+
39. Bd2 Rxd2+ 40. Rxd2 h3 41. Rd7 1-0

[Event "Najdorf Memorial"]
[Site "Warsaw POL"]
[Date "2023.07.16"]
[Round "6.1"]
[White "Yezhel, Valiantsin"]
[Black "Kazakouski, Valery"]
[Result "0-1"]
[WhiteElo "2284"]
[BlackElo "2539"]

1. d4 Nf6 2. Nf3 c5 3. d5 b5 4. c4 b4 5. Nbd2 g6 6. e4 d6 7. Bd3 Bg7 8. O-O
O-O 9. Qe2 e5 10. dxe6 Bxe6 11. e5 dxe5 12. Nxe5 Re8 13. Qf3 Nbd7 14. Nxd7
Nxd7 15. Be4 Ne5 16. Qb3 Rc8 17. a3 Qd4 18. Bd5 Bxd5 19. cxd5 Nd3 20. Qc2
Re2 21. Qc4 Nxc1 22. Qxd4 Bxd4 0-1

[Event "Najdorf Memorial"]
[Site "Warsaw POL"]
[Date "2023.07.16"]
[Round "6.2"]
[White "Tomczak, Jacek"]
[Black "Cukrowski, Filip"]
[Result "1/2-1/2"]
[WhiteElo "2606"]
[BlackElo "2378"]

1. e4 c5 2. Nf3 Nc6 3. d4 cxd4 4. Nxd4 e6 5. Nc3 Qc7 6. Be2 a6 7. O-O Nf6
8. Be3 b5 9. Nxc6 dxc6 10. f4 Bb7 11. Qe1 c5 12. e5 Nd5 13. Nxd5 Bxd5 14.
c4 bxc4 15. Qc3 Qb7 16. Rf2 Be7 17. Bxc4 O-O 18. Bxd5 exd5 19. Bxc5 Rfc8
20. b4 a5 21. Qd4 axb4 22. Bxe7 Rc4 23. Qd1 Qxe7 24. Qxd5 Rac8 25. Rd1 h6
26. g3 Qa7 27. Kg2 R4c5 28. Qe4 Rc4 29. Qd5 R4c5 30. Qb3 Qb7+ 31. Qf3 Qa7
32. Rdd2 Rc3 33. Qd5 Qb6 34. Rfe2 R3c5 35. Qd7 R5c7 36. Qd4 Qb7+ 37. Qe4 b3
38. axb3 Qxb3 39. Qd5 Qb1 40. Qe4 Qa1 41. Ra2 Qc1 42. Red2 Rc4 43. Qe2 Qb1
44. Qd3 Qxd3 45. Rxd3 Rc2+ 46. Rxc2 Rxc2+ 47. Kh3 h5 48. Re3 Rf2 49. Re1
Kh7 50. Rd1 Kh6 51. Rd6+ Kh7 52. Ra6 Re2 53. Ra1 Rf2 54. Ra7 Kg6 55. Rb7
Re2 56. g4 hxg4+ 57. Kxg4 Rg2+ 58. Kh3 Rg1 59. Ra7 f6 60. e6 Re1 61. Ra5
Kh6 62. Kg4 g6 63. f5 Re4+ 64. Kf3 gxf5 65. Rxf5 1/2-1/2

[Event "Najdorf Memorial"]
[Site "Warsaw POL"]
[Date "2023.07.16"]
[Round "6.3"]
[White "Sieciechowicz, Marcin"]
[Black "Jakubowski, Krzysztof"]
[Result "1/2-1/2"]
[WhiteElo "2395"]
[BlackElo "2486"]

1. d4 Nf6 2. c4 e6 3. Nc3 Bb4 4. Qc2 O-O 5. e4 d5 6. e5 Ne4 7. Bd3 c5 8.
Nf3 cxd4 9. Nxd4 Nd7 10. Bf4 Ndc5 11. O-O Bxc3 12. bxc3 Bd7 13. Be2 Na4 14.
cxd5 exd5 15. f3 Nec5 16. Qd2 Nb6 17. Bg5 Qe8 18. Rfe1 Kh8 19. Qf4 Ne6 20.
Nxe6 fxe6 21. Qb4 Qg6 22. Be7 Rfc8 23. Rad1 Nc4 1/2-1/2

[Event "Najdorf Memorial"]
[Site "Warsaw POL"]
[Date "2023.07.16"]
[Round "6.4"]
[White "Rozentalis, Eduardas"]
[Black "Janeczko, Jakub"]
[Result "1-0"]
[WhiteElo "2496"]
[BlackElo "2085"]

1. e4 g6 2. d4 Bg7 3. Nf3 c6 4. Nc3 d5 5. h3 Nf6 6. e5 Ne4 7. Nxe4 dxe4 8.
Ng5 c5 9. e6 Bxe6 10. Nxe6 fxe6 11. dxc5 Qa5+ 12. c3 Nd7 13. Qb3 Nxc5 14.
Qb5+ Qxb5 15. Bxb5+ Kf7 16. O-O Rhd8 17. f3 exf3 18. Rxf3+ Bf6 19. Be3 Ne4
20. Re1 Kg7 21. Ba4 e5 22. Re2 Nd6 23. g4 h6 24. Bb3 Rf8 25. Rf1 b6 26. Bf2
Rac8 27. Bg3 Rc5 28. Rd1 Rfc8 29. Kg2 Rb5 30. Be6 Rc7 31. Be1 e4 32. Bg3
Be5 33. a4 Ra5 34. b4 Bxg3 35. bxa5 Bf4 36. axb6 axb6 37. Bd5 Rxc3 38. Bxe4
Rg3+ 39. Kf2 Rxh3 40. Bf3 Kf6 41. Rd4 Be5 42. Rb4 h5 43. g5+ Kf5 44. Rxe5+
Kxe5 45. Kg2 Rxf3 46. Kxf3 b5 47. a5 Kd5 48. Rb1 Kc6 49. Re1 b4 50. Rxe7
Nf5 51. Re6+ Kb5 52. Re5+ Ka6 53. Rxf5 gxf5 54. g6 1-0

[Event "Najdorf Memorial"]
[Site "Warsaw POL"]
[Date "2023.07.16"]
[Round "6.5"]
[White "Rozycki, Bartlomiej"]
[Black "Sengupta, Deep"]
[Result "0-1"]
[WhiteElo "2135"]
[BlackElo "2456"]

1. d4 Nf6 2. c4 e6 3. Nc3 Bb4 4. Qc2 d6 5. Bg5 h6 6. Bh4 c5 7. dxc5 dxc5 8.
a3 Qa5 9. Bxf6 gxf6 10. Rc1 Bxc3+ 11. Qxc3 Qxc3+ 12. Rxc3 b6 13. g3 Bb7 14.
Nf3 Nc6 15. Bg2 O-O-O 16. Rd3 Na5 17. Rc3 Rd4 18. Nxd4 Bxg2 19. Rg1 cxd4
20. Rd3 Be4 21. Rxd4 f5 22. f3 Nb3 23. Rd6 Kc7 24. c5 Bd5 25. Rxd5 exd5 26.
cxb6+ Kxb6 27. g4 Rg8 28. Kf2 Kc5 29. Ke3 Re8+ 30. Kd3 f4 31. Rg2 Re3+ 32.
Kc2 a5 33. h4 f6 34. Kd1 Re5 0-1

[Event "Najdorf Memorial"]
[Site "Warsaw POL"]
[Date "2023.07.16"]
[Round "6.6"]
[White "Fiszer, Bartosz"]
[Black "Langheinrich, Ferenc"]
[Result "1-0"]
[WhiteElo "2194"]
[BlackElo "2385"]

1. e4 e6 2. d4 d5 3. Nd2 Nc6 4. Ngf3 Nf6 5. e5 Nd7 6. Be2 f6 7. exf6 Qxf6
8. Nf1 Bd6 9. Ne3 Qf7 10. O-O Nf6 11. c4 a6 12. c5 Be7 13. b4 Ne4 14. Bb2
Bf6 15. Ng4 Nxb4 16. Nfe5 Bxe5 17. Nxe5 Qf6 18. Qa4+ Nc6 19. Bb5 Bd7 20.
Bxc6 bxc6 21. Qa5 Qd8 22. Bc1 O-O 23. Rb1 Ra7 24. f3 Nf6 25. Rf2 Qe8 26.
Rfb2 Bc8 27. Bf4 h6 28. Bg3 Kh7 29. h3 Nh5 30. Bh2 Nf6 31. Rb8 Kg8 32. R1b2
Kh7 33. R2b3 Kg8 34. Rxc8 Qxc8 35. Nxc6 Qa8 36. Nxa7 Qxa7 37. Qxc7 Qa8 38.
Rb7 Ne8 39. Qd7 Kh7 40. Rb8 1-0

[Event "Najdorf Memorial"]
[Site "Warsaw POL"]
[Date "2023.07.16"]
[Round "6.7"]
[White "Kowalski, Igor"]
[Black "Kaczmarek, Aleksander"]
[Result "1/2-1/2"]
[WhiteElo "2380"]
[BlackElo "2313"]

1. e4 c5 2. Nf3 g6 3. c3 Bg7 4. d4 cxd4 5. cxd4 d5 6. e5 Nc6 7. h3 Nh6 8.
Nc3 O-O 9. Be2 f6 10. exf6 Rxf6 11. g4 Rf8 12. Be3 a6 13. Ne5 Nf7 14. f4
Be6 15. Nxf7 Rxf7 16. Qd2 b5 17. Bf3 Qd7 18. Ne2 Qd6 19. O-O-O a5 20. Kb1
a4 21. Nc1 Na5 22. Nd3 Nc4 23. Qe2 Rff8 24. h4 Rfc8 25. h5 a3 26. b3 Nxe3
27. Qxe3 Rc3 28. hxg6 hxg6 29. Rc1 Rxd3 30. Qxd3 Qxf4 31. Qxg6 Bf7 32. Qh7+
Kf8 33. Qf5 Qxd4 34. Rc8+ Rxc8 35. Qxc8+ Be8 36. Qf5+ Bf7 37. Qc8+ Be8 38.
Qf5+ 1/2-1/2

[Event "Najdorf Memorial"]
[Site "Warsaw POL"]
[Date "2023.07.16"]
[Round "6.8"]
[White "Sriram, Jha"]
[Black "Chomczyk, Marek"]
[Result "1-0"]
[WhiteElo "2315"]
[BlackElo "2277"]

1. d4 Nf6 2. c4 c5 3. d5 b5 4. cxb5 a6 5. e3 Bb7 6. Nc3 Qa5 7. Bd2 axb5 8.
Bxb5 Qb6 9. Nf3 Nxd5 10. a4 e6 11. O-O Nb4 12. e4 Be7 13. Bf4 O-O 14. Bxb8
Rfxb8 15. Qxd7 Bf6 16. Qd2 Nc6 17. Qf4 Nd4 18. Rad1 Rd8 19. Nxd4 Bxd4 20.
Rd3 Ba6 21. Rf3 Rf8 22. b3 Bxc3 23. Rxc3 Bxb5 24. axb5 Qxb5 25. Qg5 Qb4 26.
Rg3 Qd4 27. e5 g6 28. h4 Rfd8 29. h5 Qe4 30. Rf3 Rd5 31. Qf6 Qxe5 32. Qxf7+
Kh8 33. h6 Rg8 34. Qe7 Qg5 35. Qxe6 Re5 36. Qd6 Rd5 37. Qc6 Re5 38. Rf7 Rf5
39. f4 Qd8 40. Rxf5 Qd4+ 41. Kh1 gxf5 42. Re1 Qd8 43. Qe6 Rg6 44. Qe8+ Qxe8
45. Rxe8+ Rg8 46. Rxg8+ Kxg8 47. Kg1 Kf7 48. Kf2 Ke6 49. Ke3 Kd5 50. Kf3
Kd6 51. g4 fxg4+ 52. Kxg4 Ke6 53. Kg5 Kf7 54. Kf5 1-0

[Event "Najdorf Memorial"]
[Site "Warsaw POL"]
[Date "2023.07.16"]
[Round "6.9"]
[White "Karpus, Michal"]
[Black "Jarmula, Lukasz"]
[Result "0-1"]
[WhiteElo "2212"]
[BlackElo "2435"]

1. e4 d5 2. exd5 Nf6 3. Bb5+ Bd7 4. Be2 Nxd5 5. d4 e6 6. Nf3 c5 7. c4 Nf6
8. O-O cxd4 9. Nxd4 Qc7 10. Nc3 a6 11. a3 Nc6 12. b4 Rd8 13. Nb3 Bd6 14. h3
Bh2+ 15. Kh1 Be5 16. Bb2 Ne7 17. Qc2 h5 18. Rad1 Ng4 19. Ne4 Bc6 20. Rxd8+
Kxd8 21. Qd3+ Kc8 22. Bxe5 Qxe5 23. Ng3 Rd8 24. Qc2 Nxf2+ 25. Rxf2 Qxg3 26.
Kg1 Nf5 27. Bf1 Ne3 28. Qa2 Rd1 0-1

[Event "Najdorf Memorial"]
[Site "Warsaw POL"]
[Date "2023.07.16"]
[Round "6.10"]
[White "Gagare, Shardul"]
[Black "Padalka, Artem"]
[Result "1-0"]
[WhiteElo "2480"]
[BlackElo "2158"]

1. d4 Nf6 2. c4 c5 3. d5 g6 4. Nc3 Bg7 5. e4 O-O 6. Nf3 e6 7. Be2 exd5 8.
cxd5 d6 9. Nd2 Re8 10. O-O Nbd7 11. h3 Ne5 12. f4 Ned7 13. Bf3 a6 14. a4
Rb8 15. Nc4 Nb6 16. Na3 Nfd7 17. a5 Na8 18. Nc4 Qf6 19. e5 dxe5 20. Ne4 Qh4
21. fxe5 Nxe5 22. Ncd6 Bxh3 23. Bg5 Nxf3+ 24. Qxf3 Bd4+ 25. Kh1 Bg4+ 26.
Bxh4 Bxf3 27. Rxf3 Re5 28. Nf6+ Kg7 29. Nd7 Rh5 30. Nxb8 Rxh4+ 31. Rh3 Rf4
32. Nxb7 Bxb2 33. Rb1 Rb4 34. Nxc5 Rxb8 35. d6 Rd8 36. Nb7 1-0

[Event "Najdorf Memorial"]
[Site "Warsaw POL"]
[Date "2023.07.16"]
[Round "6.11"]
[White "Romanishin, Oleg M"]
[Black "Lisowski, Krzysztof"]
[Result "1-0"]
[WhiteElo "2389"]
[BlackElo "2128"]

1. Nf3 d5 2. g3 g6 3. Bg2 Bg7 4. d4 Nf6 5. O-O O-O 6. c4 c6 7. cxd5 cxd5 8.
Ne5 Ng4 9. f4 Nxe5 10. fxe5 Nc6 11. Nc3 Be6 12. Kh1 Qd7 13. Be3 Rfd8 14.
Bg1 Bh3 15. Bxh3 Qxh3 16. Qb3 Qd7 17. e4 e6 18. exd5 exd5 19. Rf3 Qe6 20.
Raf1 Rf8 21. Qxd5 Qxd5 22. Nxd5 Rad8 23. Nf6+ Bxf6 24. Rxf6 Nxd4 25. Bxd4
Rxd4 26. e6 Re4 27. Rxf7 Rxf7 28. Rxf7 Rxe6 29. Rxb7 Re2 30. h4 h5 31. a4
a5 32. Kg1 Re4 33. b3 Re2 34. Rb5 Rb2 35. Rxa5 Rxb3 36. Rg5 Kf7 37. Kf2 Ra3
38. a5 Kf6 39. Ke2 Kf7 40. Kd2 Kf6 41. Kc2 Kg7 42. Kb2 Rf3 43. a6 Rf7 44.
Ra5 Ra7 45. Kc3 Kf7 46. Kc4 Ke7 47. Kb5 1-0

[Event "Najdorf Memorial"]
[Site "Warsaw POL"]
[Date "2023.07.16"]
[Round "6.12"]
[White "Jarzebowski, Kacper"]
[Black "Cherniaiev, Tykhon"]
[Result "1-0"]
[WhiteElo "2134"]
[BlackElo "2331"]

1. c4 Nf6 2. g3 e5 3. Bg2 d5 4. cxd5 Nxd5 5. Nf3 Nc6 6. Nc3 Nb6 7. O-O Be7
8. a3 a5 9. d3 O-O 10. Be3 Be6 11. Na4 Nd5 12. Bc5 Nb6 13. Rc1 Nxa4 14.
Qxa4 Bxc5 15. Rxc5 f6 16. Rfc1 Qd6 17. Qb5 Rab8 18. e3 Na7 19. Qa4 Qxd3 20.
Rxa5 Nc6 21. Rac5 Rfd8 22. Bf1 Qb3 23. Qxb3 Bxb3 24. Bh3 g6 25. Kf1 Kf7 26.
Ke2 Be6 27. Bxe6+ Kxe6 28. b4 Rd7 29. Nd2 Ra8 30. b5 Na7 31. a4 c6 32. Nc4
Rad8 33. b6 Nc8 34. a5 Ne7 35. a6 bxa6 36. Na5 Rd2+ 37. Kf3 Rb2 38. b7 Kf7
39. R1c2 Rb1 40. Rc1 Rb2 41. R1c2 Rb1 42. g4 h6 43. h4 Rd7 44. g5 hxg5 45.
hxg5 Rb4 46. R2c4 Rb2 47. gxf6 Kxf6 48. Kg4 Rb1 49. e4 Rd3 50. Rc1 Rb4 51.
R5c4 Rb2 52. Rxc6+ Nxc6 53. Rxc6+ Kg7 54. Kg5 Rd7 55. Rxa6 Rdxb7 56. Nxb7
Rxb7 57. Rxg6+ Kf7 58. Kf5 Rb2 59. Rg2 Rb5 60. Rg3 Rb2 61. Rf3 Rb5 62. Rd3
Rb2 63. f3 Rb5 64. Rd7+ Kf8 65. Kf6 Kg8 66. Rg7+ Kf8 67. Rg5 Rb3 68. Rf5
Rb6+ 69. Kxe5+ Ke7 70. Kf4 Rf6 71. Rxf6 Kxf6 72. e5+ Kg7 73. Kf5 Kf7 74.
e6+ Kg7 75. Ke5 Kg6 76. Kd6 Kg7 77. e7 Kh7 78. e8=Q Kg7 79. Qe6 Kh8 80. Qg4
Kh7 81. Ke7 Kh8 82. Kf7 Kh7 83. Qh4# 1-0

[Event "Najdorf Memorial"]
[Site "Warsaw POL"]
[Date "2023.07.16"]
[Round "6.13"]
[White "Korbal, Arkadiusz"]
[Black "Deszczynski, Adam"]
[Result "0-1"]
[WhiteElo "2080"]
[BlackElo "2321"]

1. d4 d6 2. c4 e5 3. Nf3 e4 4. Ng5 f5 5. Nc3 Be7 6. Nh3 Nf6 7. g3 O-O 8.
Bg2 c6 9. O-O Na6 10. d5 Ng4 11. f3 exf3 12. exf3 Ne5 13. b3 Bf6 14. Be3
Nxc4 15. bxc4 Bxc3 16. Rb1 c5 17. Nf4 Nc7 18. Qd3 Bf6 19. Bh3 g6 20. g4 Be5
21. Ne6 Nxe6 22. dxe6 f4 23. Qd5 Qe7 24. Bxc5 Qxe6 25. Qxe6+ Bxe6 26. Rfe1
Bxc4 27. Rxb7 Rf7 28. Rxf7 Kxf7 29. Bf2 Bxa2 30. Rc1 a5 31. Rc7+ Kg8 32. g5
Bd5 0-1

[Event "Najdorf Memorial"]
[Site "Warsaw POL"]
[Date "2023.07.16"]
[Round "6.14"]
[White "Ladan, Nicholas"]
[Black "Markowski, Damian"]
[Result "0-1"]
[WhiteElo "2260"]
[BlackElo "2104"]

1. d4 Nf6 2. c4 g6 3. g3 Bg7 4. Bg2 c5 5. Nf3 cxd4 6. Nxd4 d5 7. O-O O-O 8.
cxd5 Nxd5 9. Nb3 Nb6 10. Na5 Nc6 11. Nxc6 bxc6 12. Bxc6 Bh3 13. Bg2 Bxg2
14. Kxg2 Qc8 15. Nc3 Rb8 16. Rb1 Qa6 17. Qd3 Qxd3 18. exd3 Rbc8 19. Re1 e6
20. Bd2 Rfd8 21. Re3 Bh6 22. Re2 Bg7 23. Re3 Bh6 24. f4 Nc4 25. dxc4 Rxd2+
26. Kf3 Rxc4 27. Ne4 Rdd4 28. Nf6+ Kg7 29. Ne4 e5 30. Rbe1 exf4 31. gxf4 f5
32. Nf2 Rxf4+ 33. Kg3 Bg5 34. b3 Bh4+ 35. Kh3 Rcd4 36. Nd3 Rxd3 37. Rxd3
Bxe1 38. Rd7+ Kf6 39. Rxa7 h5 40. Kg2 Bc3 41. a3 Bd4 42. Ra6+ Kg5 43. b4
Rf2+ 44. Kh3 Rb2 0-1

[Event "Najdorf Memorial"]
[Site "Warsaw POL"]
[Date "2023.07.16"]
[Round "6.15"]
[White "Mulawa, Cyprian"]
[Black "Kazmierowski, Tymon"]
[Result "1/2-1/2"]
[WhiteElo "2202"]
[BlackElo "1993"]

1. d4 Nf6 2. c4 e6 3. Nf3 b6 4. g3 Ba6 5. b3 Bb4+ 6. Bd2 Be7 7. Bg2 c6 8.
O-O O-O 9. Bc3 d5 10. Nbd2 Nbd7 11. Re1 Rc8 12. e4 dxe4 13. Nxe4 Nxe4 14.
Rxe4 Nf6 15. Re1 c5 16. dxc5 Bxc5 17. Qc2 h6 18. Rad1 Qe7 19. Nd4 Bxd4 20.
Bxd4 Rfd8 21. f4 Bb7 22. Bxb7 Qxb7 23. f5 exf5 24. Bxf6 gxf6 25. Qxf5 Qc6
26. Qg4+ Kh7 27. Rf1 Rxd1 28. Qxd1 Re8 29. Qd3+ Kg7 30. Qd2 Re5 31. Rf4 Qe6
32. Qd4 Re1+ 33. Rf1 Rxf1+ 34. Kxf1 Qf5+ 35. Kg2 Qc2+ 36. Qf2 Qe4+ 37. Kf1
Qb1+ 1/2-1/2

[Event "Najdorf Memorial"]
[Site "Warsaw POL"]
[Date "2023.07.16"]
[Round "6.16"]
[White "Smetek, Michal"]
[Black "Zdybel, Przemyslaw"]
[Result "0-1"]
[WhiteElo "1943"]
[BlackElo "2188"]

1. Nf3 Nf6 2. g3 d5 3. Bg2 c5 4. O-O Nc6 5. c4 d4 6. d3 e5 7. e3 Be7 8.
exd4 exd4 9. Re1 O-O 10. Ne5 Nxe5 11. Rxe5 Bd6 12. Re1 Bg4 13. f3 Bf5 14.
Bg5 Re8 15. Bf1 Qb6 16. Bxf6 gxf6 17. Nd2 Rxe1 18. Qxe1 Qxb2 19. Ne4 Bxe4
20. fxe4 Be5 21. Qc1 Qc3 22. Kf2 b6 23. Ke2 Kg7 24. Kf2 h5 25. h3 h4 26.
gxh4 Rh8 27. Qxc3 Rxh4 28. Be2 dxc3 29. Rh1 Bf4 30. Bd1 Kf8 31. Ba4 Ke7 32.
Ke2 Ke6 33. Kd1 Be5 34. Ke2 Bd4 35. Rh2 f5 36. exf5+ Kxf5 37. Bd7+ Ke5 38.
Rh1 Rf4 39. Rh2 Bf2 40. Kd1 Kd4 41. Kc2 Be3 42. Bg4 Rf1 43. Bd1 Rxd1 44.
Kxd1 Kxd3 45. h4 f5 46. h5 f4 47. h6 f3 48. Ke1 c2 0-1